000 01478nam a2200253Ia 4500
999 _c39180
_d39180
001 5764
003 GE_BSU
005 20190426205355.0
008 181216s1980||||ge |||||||||||||| ||geo||
040 _cGE_BSU
041 _ageo
080 _a624.012.4(072) რ-70
245 _aრკინაბეტონის კონსტრუქციების გაანგარიშების მაგალითები ნაწ.II :
_bმეთოდური მითითებები /
_cშემდგ. : ლ.ავალიშვილი, ი.ჩიკვაიძე, ლ.ცინცაძე და სხვ. ; რედ. ე. გიორგიძე.
264 _aთბილისი :
_bსპი,
_c1980.
300 _a136 გვ. :
_b ნახაზები ;
_c20 სმ.
504 _aბიბლიოგრ. : გვ.136.
653 _aრკინაბეტონის კონსტრუქციების გაანგარიშების მაგალითები
653 _aრკინაბეტონის კონსტრუქციები
700 _aავალიშვილი, ლ.
_eშემდგენელი
_9499
700 _aჩიკვაიძე, ი.
_eშემდგენელი
_9502
700 _aცინცაძე, ლ.
_eშემდგენელი
_9503
700 _a გიორგიძე, ე.
_eრედაქტორი
_9504
942 _cBK
_2udc